[Event "Australian op"]
[Site "Cammeray"]
[Date "2013.01.06"]
[Round "6"]
[White "Fry, Peter"]
[Black "Simmonds, Rex"]
[Result "1-0"]
[WhiteElo "1893"]
[BlackElo "1722"]
[PlyCount "37"]
[EventDate "2013.01.02"]
[EventType "swiss"]
[EventRounds "11"]
[EventCountry "AUS"]
[SourceTitle "CBM 152 Extra"]
[Source "ChessBase"]
[SourceDate "2013.02.25"]
[SourceVersion "1"]
[SourceVersionDate "2013.02.25"]
[SourceQuality "1"]

1. b3 d5 2. Bb2 Nc6 3. Nf3 Bf5 4. e3 f6 5. Bb5 e5 6. Bxc6+ bxc6 7. 0-0 Bd6 8. c4 Ne7 9. Qc1 Ng6 10. Nc3 Qd7 11. cxd5 Bh3 12. Ne2 Qg4 13. Qxc6+ Kf7 14. Ng3 e4 15. Ne1 Bxg3 16. fxg3 Ne7 17. gxh3 Qxh3 18. Rxf6+ gxf6 19. Qxf6+ 1-0

[Event "Australian op"]
[Site "Cammeray"]
[Date "2013.01.04"]
[Round "3"]
[White "Wilson, Peter John"]
[Black "Simmonds, Rex"]
[Result "1/2-1/2"]
[WhiteElo "1555"]
[BlackElo "1722"]
[PlyCount "99"]
[EventDate "2013.01.02"]
[EventType "swiss"]
[EventRounds "11"]
[EventCountry "AUS"]
[SourceTitle "CBM 152 Extra"]
[Source "ChessBase"]
[SourceDate "2013.02.25"]
[SourceVersion "1"]
[SourceVersionDate "2013.02.25"]
[SourceQuality "1"]

1. e4 e6 2. Nf3 c5 3. d4 b6 4. d5 Nf6 5. dxe6 fxe6 6. Nc3 a6 7. e5 Ng8 8. Bf4 Nc6 9. Ne4 Qc7 10. Nd6+ Bxd6 11. exd6 Qd8 12. c3 Nf6 13. Bd3 0-0 14. Bg5 Qe8 15. Qc2 Qh5 16. h4 Bb7 17. 0-0-0 b5 18. Rhe1 Rae8 19. Ne5 Nxe5 20. Rxe5 c4 21. Be2 Qf7 22. g4 h6 23. Re3 hxg5 24. hxg5 Be4 25. Qd2 Nxg4 26. Bxg4 Qf4 27. f3 Bd5 28. g6 Qh6 29. Rg1 Rf6 30. Rg3 Qf4 31. Rh3 Rxg6 32. Rh5 Rg5 33. Qd4 Qxd4 34. cxd4 Rxh5 35. Bxh5 Rf8 36. Kd2 Rf4 37. Be8 Bc6 38. Kc3 a5 39. a3 Rf5 40. Bg6 Rd5 41. a4 Rxd6 42. axb5 Bxb5 43. Re5 Rb6 44. d5 Kf8 45. d6 a4 46. Kb4 Bc6+ 47. Kxc4 Rxb2 48. Rc5 Rb6 49. Rh5 Kg8 50. Bh7+ 1/2-1/2

[Event "North Sydney Ford Memorial"]
[Site "Sydney"]
[Date "2006.10.10"]
[Round "6"]
[White "Simmonds, Rex"]
[Black "Tracey, Michael"]
[Result "0-1"]
[WhiteElo "1555"]
[BlackElo "1462"]
[PlyCount "118"]
[EventDate "2006.08.15"]
[EventType "swiss"]
[EventRounds "9"]
[EventCountry "AUS"]
[SourceTitle "EXT 2010"]
[Source "ChessBase"]
[SourceDate "2010.11.25"]
[SourceVersion "1"]
[SourceVersionDate "2010.11.25"]
[SourceQuality "1"]

1. d4 Nf6 2. c4 e6 3. Nc3 b6 4. Nf3 Bb7 5. e3 Bb4 6. a3 Bxc3+ 7. bxc3 0-0 8. Be2 d5 9. cxd5 exd5 10. 0-0 Nbd7 11. Rb1 Ne4 12. Qc2 Rc8 13. Nd2 f5 14. f3 Nd6 15. a4 a5 16. Re1 Qh4 17. Ba3 Qe7 18. Bd3 g6 19. c4 dxc4 20. Nxc4 Qf6 21. Qa2 Bd5 22. Qc2 Rfe8 23. Bb2 Qg5 24. e4 fxe4 25. fxe4 Nxc4 26. Bxc4 Bxc4 27. Qxc4+ Kg7 28. d5+ Ne5 29. Qd4 Kg8 30. Rf1 Qe7 31. Rbc1 Qb4 32. d6 Qxd4+ 33. Bxd4 cxd6 34. Bxb6 Nc4 35. Bf2 Rxe4 36. Rfd1 Rd8 37. Rd5 Ne3 38. Rxa5 d5 39. Ra7 h5 40. Rcc7 Nf5 41. Rab7 Rxa4 42. Kf1 Re8 43. Rc1 d4 44. Rd7 Rea8 45. Re1 Kf8 46. g3 Re8 47. Rb1 Re7 48. Rb8+ Kf7 49. Rdd8 Ne3+ 50. Bxe3 dxe3 51. Rf8+ Kg7 52. Rg8+ Kf7 53. Rbf8+ Ke6 54. Rxg6+ Kd7 55. Ke2 Ra2+ 56. Kd3 e2 57. Rf4 Ra3+ 58. Kc4 Ra4+ 59. Kd3 Rxf4 0-1